000 01272nam a2200325 4500
001 0000016144
003 CO-CtgCURN
005 20250429224005.0
007 ta
008 160627s1990 000 0 eng d
020 _a9682432367
040 _aCO-CtgCURN
_bspa
_ccoctgcurn
082 0 _a370.1
_bG83i
100 1 _aGuevara Niebla, Gilberto.
245 1 0 _aIntroducción a la teoria de la educación /
_cGiberto Guevara Niebla , Patricia de Leonardo.
260 _aMexico :
_bEditorial Trillas,
_c1990.
300 _a78 p.
336 _2rdacontent
337 _2rdamedia
_asin mediacion
_bn
338 _2rdacarrier
_avolumen
_bnc
490 1 _aColección Biblioteca Universitaria Basica
500 _aIncluye indice.
504 _aBibliografia (p. 78)
505 8 _aSistemas educativos.--Ciencias de la educación.--Educación en la historia.--Pensamiento educativo.--Mexico sistema educativo.--Educación socialista.--Educación universitaria.--Educación escolastica.--Tecnología educativa.--Cibernetica y educación.--Teoria de la educación
650 1 4 _aEducación
_vFilosofia.
700 1 _aLeonardo, Patricia.
908 _a160627
942 _cBK
_h370.1
_iG83i
_2ddc
999 _c34505
_d34505